Shantinath Desai / (Record no. 5170)

MARC details
000 -LEADER
fixed length control field 00538 a2200181 4500
010 ## - LCCN (DPL NO)
LC control number ENG-86759
020 ## - INTERNATIONAL STANDARD BOOK NUMBER
Terms of availability 25.00
International Standard Book Number 8126022329
035 ## - SYSTEM CONTROL NUMBER
System control number EN-70292
037 ## - SOURCE OF ACQUISITION
Source of stock number/acquisition DBAD / PUB
082 14 - DEWEY DECIMAL CLASSIFICATION NUMBER
Classification number 883.092
100 ## - MAIN ENTRY--PERSONAL NAME
Personal name Amur, G.S.
245 1# - TITLE STATEMENT
Title Shantinath Desai /
Statement of responsibility, etc by G.S. Amur
260 ## - PUBLICATION, DISTRIBUTION, ETC. (IMPRINT)
Place of publication, distribution, etc New Delhi
Name of publisher, distributor, etc Sahitya Akademi
Date of publication, distribution, etc 2006
270 ## - ADDRESS
Address Rabindra Bhavan, 35 Ferozeshah Road,
City New Delhi
Postal code 110 001
State or province Karnataka
300 ## - PHYSICAL DESCRIPTION
Extent 87p
Dimensions 22cm (pbk)
490 ## - SERIES STATEMENT
Series statement Makers of Indian literature
942 ## - ADDED ENTRY ELEMENTS (KOHA)
Institution code [OBSOLETE] dpl
Item type English Books
Source of classification or shelving scheme Dewey Decimal Classification
Classification part 883.092
Call number suffix AMU
Holdings
Withdrawn status Lost status Not for loan Collection code Home library Current library Source of acquisition Cost, normal purchase price Full call number Barcode Copy number Cost, replacement price Koha item type
    Not For Loan Non-fiction D.B.Act.Division D.B.Act.Division DBAD/PUB 25.00 883.092 AMU EN-70292 1 25.00 English Books

© Delhi Public Library
Hit Counter
free hit counter